Trh s pôdou má v krajinách EÚ prísne pravidlá, z ktorých by sa malo poučiť aj Slovensko

Podmienky nákupu pôdy v európskych krajinách a na Slovensku. V krajinách EÚ existuje rozsiahla legislatíva týkajúca sa držby pôdy a ďalšieho zaobchádzania s ňou. Kúpna cena pôdy. Prvoradé je poľnohospodárske využitie pôdy.

Gespeichert in:
Bibliographische Detailangaben
1. Verfasser: Chrastinová, Zuzana
Format: Buchkapitel
Sprache:Slowakisch
Schlagworte:
Tags: Tag hinzufügen
Keine Tags, Fügen Sie das erste Tag hinzu!

MARC

LEADER 00000naa a2200000 4500
001 r026347
005 20230921080353.0
041 0 |a slo 
044 |a SK 
245 1 0 |a Trh s pôdou má v krajinách EÚ prísne pravidlá, z ktorých by sa malo poučiť aj Slovensko  |c Zuzana Chrastinová 
520 |a Podmienky nákupu pôdy v európskych krajinách a na Slovensku. V krajinách EÚ existuje rozsiahla legislatíva týkajúca sa držby pôdy a ďalšieho zaobchádzania s ňou. Kúpna cena pôdy. Prvoradé je poľnohospodárske využitie pôdy. 
610 2 0 |a pôda 
610 2 0 |a trh 
610 2 0 |a pôda poľnohospodárska 
610 2 0 |a cena pôdy 
610 2 0 |a legislatíva 
610 2 0 |a Európska únia 
610 2 0 |a Slovensko 
100 1 |a Chrastinová, Zuzana